Taylor Swift mystery lyrics #32 - Statistics

General Stats
  • This quiz has been taken 85 times
  • The average score is 206 of 259
Answer Stats
Answer % Correct
a
100%
I
100%
you
100%
You
100%
me
98%
the
98%
The
98%
it
97%
So
97%
and
95%
be
95%
have
95%
in
95%
he
93%
is
93%
my
93%
My
93%
on
93%
by
92%
who
92%
your
92%
hear
90%
no
90%
to
90%
can
89%
not
89%
always
87%
been
87%
It's
87%
it's
87%
of
87%
kid
85%
that
85%
this
85%
what
85%
You're
85%
if
84%
own
84%
there
84%
we're
84%
were
84%
as
82%
they
82%
All
80%
for
80%
friends
80%
Like
80%
one
80%
say
80%
see
80%
with
80%
best
79%
don't
79%
just
79%
know
79%
make
79%
never
79%
can't
77%
could
77%
dream
77%
I'll
77%
stay
77%
voice
77%
ashes
75%
From
75%
from
75%
them
75%
away
74%
face
74%
out
74%
splashes
74%
body
72%
'Cause
72%
fireplace
72%
sprinkler
72%
days
70%
He's
70%
I'd
70%
party
70%
take
70%
Take
70%
blood
69%
boys
69%
got
69%
loves
69%
play
69%
Summer
69%
took
69%
town
69%
went
69%
You've
69%
better
67%
bracelets
67%
cool
67%
gave
67%
home
67%
moment
67%
money
67%
notice
67%
Something
67%
something
67%
tears
67%
There's
67%
wait
67%
Yeah
67%
cared
66%
Daisy
66%
didn't
66%
getting
66%
kiss
66%
May
66%
okay
66%
reason
66%
smoking
66%
sweat
66%
gown
64%
learn
64%
long
64%
saw
64%
starved
64%
Still
64%
around
62%
bodies
62%
choose
62%
gonna
62%
hosted
62%
looked
62%
saved
62%
turned
62%
afraid
61%
bridges
61%
burned
61%
lot
61%
parking
61%
parties
61%
perfect
61%
run
61%
search
61%
step
61%
waited
61%
blood-soaked
59%
funny
59%
jokes
59%
pages
59%
patiently
59%
phone
59%
room
59%
taste
59%
touch
59%
weren't
59%
ages
57%
Anyway
57%
Everything
57%
escape
56%
great
56%
stays
56%
friendship
54%
Writing
54%
yearning
54%
different
52%
petals
52%
songs
52%
bloomed
51%
picked
51%
lose
49%
No matching quizzes found
Score Distribution
Percent of People with Each Score
Percentile by Number Answered
Your Score History
You have not taken this quiz